000 00356 a2200157 4500
001 25049
020 _a9788578481292
040 _cAnchieta - São Paulo/Itaigara
100 _aLeite, Milu
240 1 0 _aO dia que Felipe sumiu
_lpor
245 1 0 _aO dia que Felipe sumiu
300 _a84
362 0 _a2015
650 4 _aLiteratura infantil
942 _cBK
999 _c25049
_d25049